| 000 | 00447cam a2200181ua 4500 | ||
|---|---|---|---|
| 020 | _c22.50 | ||
| 041 |
_aeng _h |
||
| 082 |
_a546 _bSAT/AD |
||
| 100 | _aSatya Prakash, . | ||
| 245 |
_aAdvanced chemistry of rare elements / _cSatya prakash. _hTextual Documents |
||
| 250 |
_a2 / _b. |
||
| 260 |
_aNew Delhi : _bS.Chand and Co , _c1960. |
||
| 300 | _a665 ; . | ||
| 365 | _a22.50 | ||
| 504 | _a | ||
| 942 | _cBK | ||
| 999 |
_c7498 _d7498 |
||